An American brat / (Record no. 233660)

000 -LEADER
fixed length control field 01001pam a2200289 a 4500
001 - CONTROL NUMBER
control field 4415535
003 - CONTROL NUMBER IDENTIFIER
control field Nust
005 - DATE AND TIME OF LATEST TRANSACTION
control field 20170309152952.0
008 - FIXED-LENGTH DATA ELEMENTS--GENERAL INFORMATION
fixed length control field 930810s1993 mnu 000 1 eng
010 ## - LIBRARY OF CONGRESS CONTROL NUMBER
LC control number 93027523
020 ## - INTERNATIONAL STANDARD BOOK NUMBER
International Standard Book Number 9789699473357
040 ## - CATALOGING SOURCE
Original cataloging agency DLC
Transcribing agency DLC
Modifying agency OCoLC
-- DLC
043 ## - GEOGRAPHIC AREA CODE
Geographic area code n-us---
050 00 - LIBRARY OF CONGRESS CALL NUMBER
Classification number PR9540.9.S53
Item number A82 1993
082 00 - DEWEY DECIMAL CLASSIFICATION NUMBER
Classification number 823
Author Mark SID
100 1# - MAIN ENTRY--PERSONAL NAME
Personal name Sidhwa, Bapsi.
245 13 - TITLE STATEMENT
Title An American brat /
Statement of responsibility, etc. Bapsi Sidhwa.
250 ## - EDITION STATEMENT
Edition statement 1st ed.
260 ## - PUBLICATION, DISTRIBUTION, ETC.
Place of publication, distribution, etc. Minneapolis :
Name of publisher, distributor, etc. Milkweed Editions,
Date of publication, distribution, etc. 1993.
300 ## - PHYSICAL DESCRIPTION
Extent 312 p. ;
Dimensions 23 cm.
650 #0 - SUBJECT ADDED ENTRY--TOPICAL TERM
Topical term or geographic name entry element Pakistani Americans
Form subdivision Fiction.
650 #0 - SUBJECT ADDED ENTRY--TOPICAL TERM
Topical term or geographic name entry element Teenage girls
Form subdivision Fiction.
650 #0 - SUBJECT ADDED ENTRY--TOPICAL TERM
Topical term or geographic name entry element Pakistani American teenage girls
655 #7 - INDEX TERM--GENRE/FORM
Genre/form data or focus term Domestic fiction.
Source of term lcsh
906 ## - LOCAL DATA ELEMENT F, LDF (RLIN)
a 7
b cbc
c orignew
d 1
e ocip
f 19
g y-gencatlg
942 ## - ADDED ENTRY ELEMENTS (KOHA)
Source of classification or shelving scheme
Koha item type Book
Holdings
Withdrawn status Lost status Source of classification or shelving scheme Damaged status Not for loan Collection code Permanent Location Current Location Shelving location Date acquired Total Checkouts Total Renewals Full call number Barcode Date last seen Date last checked out Copy number Price effective from Koha item type
            Central Library (CL) Central Library (CL) Fiction 03/09/2017 7 7 823 SID CL2625 10/07/2025 05/29/2025 1 03/09/2017 Book
© 2023 Central Library, National University of Sciences and Technology. All Rights Reserved.